Estatísticas para Gentílicos do Brasil

Clique aqui para jogar o quiz

Estatísticas Gerais

  • Esse quiz foi jogado 57 vezes
  • A pontuação média é 22 de 27

Estatísticas das Respostas

EstadoResposta% Correto
Minas GeraisMineiro
100%
ParanáParanaense
98%
São PauloPaulista
98%
AlagoasAlagoano
91%
CearáCearense
91%
ParaíbaParaibano
91%
PernambucoPernambucano
91%
Santa CatarinaCatarinense
88%
GoiásGoiano
88%
AcreAcreano
86%
BahiaBahiano
86%
Rio Grande do SulGaúcho
86%
ParáParaense
86%
AmazonasAmazonense
84%
Rio de JaneiroFluminense
84%
MaranhãoMaranhense
84%
Mato GrossoMato-grossense
84%
SergipeSergipano
84%
Espírito SantoCapixaba
81%
PiauíPiauiense
79%
AmapáAmapaense
72%
RoraimaRoraimense
70%
Mato Grosso do SulSul-mato-grossense
67%
TocantinsTocantinense
67%
Rio Grande do NortePotiguar
65%
Distrito FederalBrasiliense
58%
RondôniaRondoniense
53%

Distribuição das Pontuações

Percentil de Números Respondidos

Porcentagem de Pessoas com Cada Pontuação

Sua Pontuação Histórica

Você não jogou esse quiz